LEADER 01369nam a2200289 i 4500 001 000000038414 003 CaOOAMICUS 005 20100408000000.0 008 100408s1970 it u000 u ita u 013 $a8999 040 $aSeMil$bita 100 1 $aGibb, Hamilton Alexander Rosskeen <1895-1971>.$0(OLS)http://semarc/name/18429 240 10$aMohammedanism.$0(OLS)http://semarc/title/54202 245 12$aL'Islamismo :$buna introduzione storica /$cHamilton A.R. Gibb ; [trad. di Maria Teresa Dal Pozzolo ; introduzione all'ed. italiana di Vincenzo Poggi]. 260 $aBologna :$bIl Mulino,$c1970. 300 $a285 p. ;$c22 cm. 490 0 $aCollana di studi religiosi 500 $aIn appendice: Bibliografia islamologica (pp. [227]-272). 650 4$aIslamismo.$0(OLS)http://semarc/subject/776 700 1 $aDal Pozzolo, Maria Teresa.$0(OLS)http://semarc/name/16567 700 1 $aPoggi, Vincenzo,$c.$0(OLS)http://semarc/name/90421 830 0$aCollana di studi religiosi.$0(OLS)http://semarc/title/6613 850 $aSeMil 852 $aSeMil$W1$xVenegono$y1$m2X III 325$j4569$B4569$CSeMilBibl$Z2$F4569 $81 961 $aOmaggio: Biblioteca Seminario Seveso (fino al 1985) 996 $6245$aL'Islamismo :$buna introduzione storica$9(OLS)http://semarc/title/54201 996 $6260$aBologna :$bIl Mulino$9(OLS)http://semarc/publisher/29842 LEADER 01243nam a2200253 i 4500 001 000000118689 003 CaOOAMICUS 005 20031007000000.0 008 031007s1962 it u000 u ita u 013 $a91382 040 $aSeMil$bita 100 1 $aGiustiniani, Bernardo,$d<1408-1489>.$0(OLS)http://semarc/name/34581 245 10$aVita di San Lorenzo Giustiniani :$bprimo patriarca di Venezia /$cscritta dal nepote Bernardo Giustiniani ; prefazione di Sua Em. Giovanni Urbani. 260 $aRoma :$b[s.n.],$c1962. 300 $aXLIII, 136 p., XXXV p. di tav. :$bill. ;$c32 cm. 500 $aCopia numerata con N. 713. - In cofanetto. - In preliminari : Dedica autografa al Card. C.M. Martini. - Fondo Card. C.M. Martini. 600 14$aGiustiniani, Lorenzo .$0(OLS)http://semarc/subject/3607 700 1 $aUrbani, Giovanni .$0(OLS)http://semarc/name/20554 850 $aSeMil 852 $aSeMil$W1$xVenegono$y1$m3H VI 12$j73983$B73983$CSeMilBibl$Z2$F78083 $81 941 1 $a4 961 $aOmaggio: Martini Card. Carlo Maria 996 $6245$aVita di San Lorenzo Giustiniani :$bprimo patriarca di Venezia$9(OLS)http://semarc/title/174383 996 $6260$aRoma :$b[s.n.]$9(OLS)http://semarc/publisher/29738